000 00937nam a2200277Ia 4500
005 20230504103638.0
008 210716s2016 xx 000 0 und d
020 _a9788126514694
040 _cAIMIT LIBRARY
041 _aeng
082 _a004.694
_21
_bCHAH
100 _aChan, Henry.
_997498
245 _aE- commerce:
_bfundamentals and applications /
_cBy Chan, Henry...et.al.
250 _a1st ed.
260 _aNew Delhi :
_bWiley India Pvt Ltd ,
_c2016.
300 _axxiv,479p. ;
_bPB
_c23 cm.
650 _aInternet and world wide web
_997499
650 _aClient side programming
_997500
650 _aBasic cryptography for enabling e-commerce
_997501
650 _aAdvanced technologies fpr e-commerce
_997502
650 _aConsumer oriented e-commerce
_997503
700 _aLee, Raymond.
_997504
700 _aDillon, Tharam.
_997505
700 _aChang, Elizabeth.
_997506
942 _2ddc
_cBK
_e1st
_k004.694 CHAH
999 _c195624
_d195624